[Event "Steyr Landesliga 1920"]
[Site "Austria"]
[Date "2019.10.19"]
[Round "3.5"]
[White "Kerschbaumer, Johannes"]
[Black "Stolterfoht, Daniel"]
[Result "1/2-1/2"]
[WhiteElo "2057"]
[BlackElo "2054"]
[PlyCount "35"]
[EventDate "2019.09.28"]
[EventType "team-tourn"]
[EventRounds "11"]
[EventCountry "AUT"]
[SourceTitle "CBM 193 Extra"]
[Source "ChessBase"]
[SourceDate "2020.01.31"]
[SourceVersion "1"]
[SourceVersionDate "2020.01.31"]
[SourceQuality "1"]
[WhiteTeam "Graz Austria"]
[BlackTeam "Graz Styria"]
[WhiteTeamCountry "AUT"]
[BlackTeamCountry "AUT"]

1. c4 e6 2. g3 d5 3. Bg2 Nf6 4. Nf3 Be7 5. d4 0-0 6. 0-0 b6 7. Nc3 Bb7 8. Ne5 c5 9. e3 Nbd7 10. f4 cxd4 11. exd4 Rc8 12. Re1 Bb4 13. Bd2 Bxc3 14. Bxc3 Nxe5 15. dxe5 Ne4 16. Bxe4 dxe4 17. Qxd8 Rfxd8 18. Rad1 1/2-1/2

[Event "Schwarzach op 34th"]
[Site "Schwarzach"]
[Date "2019.07.13"]
[Round "1"]
[White "Spalir, Jernej"]
[Black "Kerschbaumer, Johannes"]
[Result "1-0"]
[WhiteElo "2361"]
[BlackElo "2092"]
[PlyCount "85"]
[EventDate "2019.07.13"]
[EventType "swiss"]
[EventRounds "9"]
[EventCountry "AUT"]
[SourceTitle "EXT 2020"]
[Source "ChessBase"]
[SourceDate "2019.10.17"]
[SourceVersion "1"]
[SourceVersionDate "2019.10.17"]
[SourceQuality "1"]

1. d4 d5 2. c4 e6 3. Nc3 Nf6 4. Nf3 Be7 5. Bf4 0-0 6. e3 b6 7. cxd5 exd5 8. Be2 Bb7 9. 0-0 Nbd7 10. Nb5 Ne8 11. Rc1 c6 12. Nc3 Nd6 13. Bd3 c5 14. Bb1 Nf6 15. Ne5 a6 16. dxc5 bxc5 17. Na4 c4 18. Nc5 Bc8 19. Nc6 Qc7 20. Nxe7+ Qxe7 21. Bg5 Nde8 22. Qd4 Rb8 23. a4 Qa7 24. Rfd1 Qb6 25. Rd2 Bb7 26. b3 Rc8 27. Nxb7 Qxb7 28. Bf5 Rc6 29. bxc4 Nd6 30. Bd3 Nfe4 31. Rb2 Qc8 32. Be7 Nf5 33. Qxd5 Nxe7 34. Qxe4 Ng6 35. h3 Rd8 36. Rcb1 Qc7 37. Rb7 Qd6 38. Qf5 Rc7 39. Be4 Nf8 40. Bd5 Rdd7 41. R1b6 Qe7 42. Rxc7 Rxc7 43. Rxa6 1-0

[Event "Steyr Landesliga 1819"]
[Site "Austria"]
[Date "2019.01.12"]
[Round "6.5"]
[White "Kerschbaumer, Johannes"]
[Black "Schriebl, Alexander"]
[Result "1-0"]
[WhiteElo "2100"]
[BlackElo "1992"]
[PlyCount "53"]
[EventDate "2018.10.06"]
[EventType "team-tourn"]
[EventRounds "11"]
[EventCountry "AUT"]
[SourceTitle "CBM 189 Extra"]
[Source "ChessBase"]
[SourceDate "2019.06.03"]
[SourceVersion "1"]
[SourceVersionDate "2019.06.03"]
[SourceQuality "1"]
[WhiteTeam "Graz Austria"]
[BlackTeam "Graz Styria"]
[WhiteTeamCountry "AUT"]
[BlackTeamCountry "AUT"]

1. c4 f5 2. Nf3 Nf6 3. Nc3 g6 4. g3 Bg7 5. Bg2 0-0 6. d4 d6 7. 0-0 Nc6 8. d5 Ne5 9. Qc2 a6 10. b3 Rb8 11. Nd4 Bd7 12. Bb2 Qc8 13. Rac1 Kh8 14. Nb1 c5 15. Nf3 Nxf3+ 16. Bxf3 b5 17. Nd2 bxc4 18. Nxc4 Qc7 19. Bc3 Ng4 20. Bxg7+ Kxg7 21. Bxg4 fxg4 22. Ne3 Kg8 23. Qe4 Bf5 24. Nxf5 gxf5 25. Qf4 Rf6 26. Rc2 Rb4 27. Qxb4 1-0

[Event "Steyr Landesliga 1516"]
[Site "Austria"]
[Date "2015.09.26"]
[Round "1.3"]
[White "Suess, Werner"]
[Black "Kerschbaumer, Johannes"]
[Result "1-0"]
[WhiteElo "2135"]
[BlackElo "2140"]
[PlyCount "111"]
[EventDate "2015.09.26"]
[EventType "team-tourn"]
[EventRounds "11"]
[EventCountry "AUT"]
[SourceTitle "EXT 2017"]
[Source "ChessBase"]
[SourceDate "2016.10.25"]
[SourceVersion "1"]
[SourceVersionDate "2016.10.25"]
[SourceQuality "1"]
[WhiteTeam "Spg ISR"]
[BlackTeam "Gamlitz"]
[WhiteTeamCountry "AUT"]
[BlackTeamCountry "AUT"]

1. e4 c5 2. d4 cxd4 3. c3 d3 4. Bxd3 Nc6 5. c4 d6 6. h3 g6 7. Nf3 Bg7 8. 0-0 Nf6 9. Nc3 0-0 10. Be3 Nd7 11. Rc1 Nde5 12. Be2 Nxf3+ 13. Bxf3 Qa5 14. a3 Be6 15. Be2 Ne5 16. Nd5 Bxd5 17. Qxd5 Nc6 18. Rc2 Rfd8 19. Rd1 Qa4 20. Qd2 b6 21. Qc1 Ne5 22. f4 Nd7 23. b4 Rac8 24. Bf3 Rc7 25. Rd5 Rdc8 26. Bg4 Nf6 27. Bxc8 Nxd5 28. exd5 Rxc8 29. c5 bxc5 30. bxc5 dxc5 31. Rxc5 Rxc5 32. Qxc5 Bf6 33. Qxa7 Qd1+ 34. Kh2 Qxd5 35. Qc5 Qe4 36. Bc1 Bd4 37. Qb4 f5 38. Qd2 e5 39. a4 Qb1 40. a5 Qa1 41. fxe5 Bxe5+ 42. g3 Bc3 43. Qd8+ Kg7 44. Bd2 Bd4 45. Qe7+ Kg8 46. Qe1 Qa4 47. Qe6+ Kg7 48. Qe2 Qd7 49. Be3 Qa7 50. Qb2 Bxb2 51. Bxa7 h5 52. Be3 Be5 53. a6 Bb8 54. h4 g5 55. a7 Bxa7 56. Bxa7 1-0

[Event "Graz op"]
[Site "Graz"]
[Date "2015.09.06"]
[Round "9"]
[White "Kerschbaumer, Johannes"]
[Black "Hapala, Elisabeth"]
[Result "1/2-1/2"]
[WhiteElo "2133"]
[BlackElo "2083"]
[PlyCount "168"]
[EventDate "2015.08.29"]
[EventType "swiss"]
[EventRounds "9"]
[EventCountry "AUT"]
[SourceTitle "EXT 2016"]
[Source "ChessBase"]
[SourceDate "2015.10.08"]
[SourceVersion "1"]
[SourceVersionDate "2015.10.08"]
[SourceQuality "1"]

1. c4 e5 2. g3 Nf6 3. Bg2 d5 4. cxd5 Nxd5 5. Nf3 Nc6 6. d3 Be7 7. Nc3 Nb6 8. 0-0 0-0 9. Be3 Be6 10. Na4 e4 11. Ne1 Nxa4 12. Qxa4 Bg4 13. f3 exf3 14. Nxf3 Qd7 15. Bf2 Bh3 16. Nd4 Bxg2 17. Kxg2 Ne5 18. Qxd7 Nxd7 19. Rac1 c6 20. Nf5 Bf6 21. Nd6 Rab8 22. Rc2 a5 23. Rb1 Be5 24. Nf5 g6 25. Nh6+ Kh8 26. Ng4 Bg7 27. b4 f5 28. Ne3 axb4 29. Rxb4 Nf6 30. Rb1 Nd7 31. Nc4 c5 32. Nb6 Nxb6 33. Rxb6 Bd4 34. Bxd4+ cxd4 35. Rc7 Rfc8 36. Rbxb7 Rxc7 37. Rxb8+ Kg7 38. a4 Rc2 39. Kf2 Kf6 40. h4 Ra2 41. Ra8 h6 42. a5 g5 43. hxg5+ hxg5 44. g4 fxg4 45. a6 Kg7 46. a7 Ra1 47. Kg2 Kh7 48. Rd8 Rxa7 49. Rxd4 Ra2 50. Kf2 Kg6 51. Rxg4 Kf5 52. Re4 Rb2 53. Kf3 Rb1 54. Re8 Rf1+ 55. Kg2 Rd1 56. Rf8+ Ke5 57. Rf1 Rd2 58. Rf2 Ra2 59. Kf3 Ra4 60. Rg2 Kf6 61. Rg1 Rb4 62. e4 Ra4 63. Ke3 Ra5 64. Rc1 Rb5 65. Rc6+ Ke7 66. Rc3 Rb1 67. d4 Re1+ 68. Kf3 Rd1 69. d5 Re1 70. Rc6 Rf1+ 71. Ke3 Re1+ 72. Kd4 g4 73. Rg6 Rg1 74. e5 g3 75. Ke3 Re1+ 76. Kd4 Rd1+ 77. Kc4 Rc1+ 78. Kb4 Re1 79. Rg7+ Kf8 80. Rxg3 Rxe5 81. Kc5 Re1 82. Kd6 Ke8 83. Rg8+ Kf7 84. Rh8 Ra1 1/2-1/2

[Event "Graz op"]
[Site "Graz"]
[Date "2015.08.31"]
[Round "3"]
[White "Kerschbaumer, Johannes"]
[Black "Frank, Paul"]
[Result "0-1"]
[WhiteElo "2133"]
[BlackElo "2237"]
[PlyCount "82"]
[EventDate "2015.08.29"]
[EventType "swiss"]
[EventRounds "9"]
[EventCountry "AUT"]
[SourceTitle "EXT 2016"]
[Source "ChessBase"]
[SourceDate "2015.10.08"]
[SourceVersion "1"]
[SourceVersionDate "2015.10.08"]
[SourceQuality "1"]

1. c4 Nf6 2. g3 g6 3. Bg2 d5 4. d4 Bg7 5. Nf3 0-0 6. 0-0 Nc6 7. cxd5 Nxd5 8. Nc3 Nb6 9. e3 e5 10. d5 Na5 11. Nd2 Nac4 12. Nxc4 Nxc4 13. Qe2 Nd6 14. e4 Bd7 15. b3 f5 16. Ba3 f4 17. f3 fxg3 18. hxg3 Qg5 19. Kh2 Rf7 20. Bc1 Qe7 21. Bh3 Raf8 22. Be3 h5 23. Bxd7 Qxd7 24. Bg5 Bf6 25. Bh6 Bg7 26. Bg5 Bf6 27. Bh6 Rc8 28. Bd2 Qe7 29. Rf2 Bg5 30. Kg2 Rcf8 31. Raf1 h4 32. g4 h3+ 33. Kh1 Bxd2 34. Qxd2 Qh4 35. Kh2 Ne8 36. Nd1 Nf6 37. Qe3 b6 38. Rg1 Nh7 39. Rg3 Ng5 40. Nb2 Rf4 41. Nc4 Nxe4 0-1

[Event "Steyr Landesliga 1415"]
[Site "Austria"]
[Date "2015.03.21"]
[Round "9.5"]
[White "Kerschbaumer, Johannes"]
[Black "Poeltl, Thomas"]
[Result "1/2-1/2"]
[WhiteElo "2110"]
[BlackElo "2184"]
[PlyCount "130"]
[EventDate "2014.09.27"]
[EventType "team-tourn"]
[EventRounds "11"]
[EventCountry "AUT"]
[SourceTitle "EXT 2016"]
[Source "ChessBase"]
[SourceDate "2015.10.08"]
[SourceVersion "1"]
[SourceVersionDate "2015.10.08"]
[SourceQuality "1"]
[WhiteTeam "Graz Schachamazonen"]
[BlackTeam "Gleisdorf"]
[WhiteTeamCountry "AUT"]
[BlackTeamCountry "AUT"]

1. c4 Nf6 2. Nf3 c5 3. g3 Nc6 4. Bg2 d5 5. cxd5 Nxd5 6. d4 Nc7 7. Ne5 Nxe5 8. dxe5 Qxd1+ 9. Kxd1 Rb8 10. Nc3 g6 11. Nd5 Nxd5 12. Bxd5 Bg7 13. f4 0-0 14. Be4 Rd8+ 15. Ke1 b6 16. Kf2 Bb7 17. Bf3 e6 18. Re1 Bxf3 19. exf3 Rd5 20. b3 Rbd8 21. Bb2 Kf8 22. Rac1 Ke8 23. Rc2 Rd2+ 24. Re2 Rd1 25. Re1 R8d2+ 26. Rxd2 Rxd2+ 27. Re2 Rd1 28. Re1 Rxe1 29. Kxe1 Kd7 30. Kd2 Kc6 31. Kd3 Kd5 32. Bc3 Bf8 33. Ke3 b5 34. Kd3 c4+ 35. bxc4+ bxc4+ 36. Kc2 Bc5 37. Be1 Bd4 38. Kd2 Kc5 39. Kc2 Kb5 40. h3 h5 41. Bd2 Ka4 42. Bc1 Kb4 43. Kd2 a5 44. Kc2 Bf2 45. g4 Bd4 46. Kd2 a4 47. Kc2 a3 48. Bd2+ c3 49. Bc1 Bf2 50. Kd3 Bc5 51. f5 exf5 52. gxh5 gxh5 53. Bg5 Bf8 54. Kd4 Bc5+ 55. Kd3 c2 56. Bd2+ Kb5 57. Kxc2 Kc4 58. Ba5 Bd4 59. Bc7 Bb2 60. Kd2 Kd4 61. Bd6 f4 62. e6 fxe6 63. Bxf4 e5 64. Be3+ Kc4 65. Kc2 Bc3 1/2-1/2

[Event "Wolfsberg op"]
[Site "Wolfsberg"]
[Date "2014.12.27"]
[Round "1"]
[White "Kerschbaumer, Johannes"]
[Black "Wutscher, Karl"]
[Result "1-0"]
[WhiteElo "2115"]
[BlackElo "1792"]
[PlyCount "59"]
[EventDate "2014.12.27"]
[EventType "swiss"]
[EventRounds "5"]
[EventCountry "AUT"]
[SourceTitle "CBM 164 Extra"]
[Source "ChessBase"]
[SourceDate "2015.03.02"]
[SourceVersion "1"]
[SourceVersionDate "2015.03.02"]
[SourceQuality "1"]

1. c4 c5 2. Nf3 Nc6 3. g3 Nf6 4. Bg2 h6 5. 0-0 a6 6. d4 cxd4 7. Nxd4 e5 8. Nf3 b5 9. cxb5 axb5 10. Nxe5 Bb7 11. Nc3 Qc7 12. Nd3 b4 13. Bf4 d6 14. Nd5 Nxd5 15. Bxd5 Qa5 16. Bg2 Be7 17. Bd2 Qb6 18. Be3 Qb5 19. Nf4 0-0 20. Nd5 Bd8 21. Bf4 Ne5 22. Qd4 Bxd5 23. Qxd5 Qxd5 24. Bxd5 Ra5 25. Rfd1 Bf6 26. Bb3 g5 27. Rxd6 gxf4 28. Rxf6 fxg3 29. hxg3 Kg7 30. Rb6 1-0

[Event "Latschach op 30th"]
[Site "Latschach"]
[Date "2014.08.16"]
[Round "9"]
[White "Skok, Joze"]
[Black "Kerschbaumer, Johannes"]
[Result "1/2-1/2"]
[WhiteElo "2000"]
[BlackElo "2108"]
[PlyCount "31"]
[EventDate "2014.08.09"]
[EventType "swiss"]
[EventRounds "9"]
[EventCountry "AUT"]
[SourceTitle "CBM 161 Extra"]
[Source "ChessBase"]
[SourceDate "2014.08.29"]
[SourceVersion "1"]
[SourceVersionDate "2014.08.29"]
[SourceQuality "1"]

1. e4 c6 2. d4 d5 3. exd5 cxd5 4. c4 e6 5. Nc3 Nf6 6. Nf3 Be7 7. Bd3 dxc4 8. Bxc4 0-0 9. 0-0 a6 10. a4 Nc6 11. d5 exd5 12. Nxd5 Nxd5 13. Bxd5 Bf6 14. Qb3 Na5 15. Qa2 Nc6 16. Qb3 1/2-1/2

[Event "Latschach op 30th"]
[Site "Latschach"]
[Date "2014.08.13"]
[Round "6"]
[White "Kerschbaumer, Johannes"]
[Black "Wild, Helmut"]
[Result "1-0"]
[WhiteElo "2108"]
[BlackElo "1992"]
[PlyCount "29"]
[EventDate "2014.08.09"]
[EventType "swiss"]
[EventRounds "9"]
[EventCountry "AUT"]
[SourceTitle "CBM 161 Extra"]
[Source "ChessBase"]
[SourceDate "2014.08.29"]
[SourceVersion "1"]
[SourceVersionDate "2014.08.29"]
[SourceQuality "1"]

1. c4 c6 2. d4 d5 3. Nf3 Nf6 4. Nc3 a6 5. e3 Bg4 6. Qb3 b5 7. cxd5 cxd5 8. Ne5 Bf5 9. a4 Qa5 10. Bd2 b4 11. Na2 e6 12. Rc1 Qd8 13. Bxb4 Nbd7 14. Bxf8 Kxf8 15. Nc6 1-0

[Event "Latschach op 30th"]
[Site "Latschach"]
[Date "2014.08.11"]
[Round "4"]
[White "Kerschbaumer, Johannes"]
[Black "Seyffarth, Renate"]
[Result "1-0"]
[WhiteElo "2108"]
[BlackElo "1933"]
[PlyCount "111"]
[EventDate "2014.08.09"]
[EventType "swiss"]
[EventRounds "9"]
[EventCountry "AUT"]
[SourceTitle "CBM 161 Extra"]
[Source "ChessBase"]
[SourceDate "2014.08.29"]
[SourceVersion "1"]
[SourceVersionDate "2014.08.29"]
[SourceQuality "1"]

1. c4 e6 2. g3 d5 3. Bg2 Nf6 4. Nf3 Nbd7 5. 0-0 Be7 6. b3 0-0 7. d4 c6 8. Nc3 Qa5 9. Bb2 Ba3 10. Bxa3 Qxa3 11. Qc2 a6 12. Rab1 Qd6 13. e4 dxe4 14. Nxe4 Nxe4 15. Qxe4 Nf6 16. Qe3 Bd7 17. Rbd1 Rad8 18. Rd2 Bc8 19. Rfd1 Qc7 20. Qe5 Qd6 21. h3 h6 22. Qxd6 Rxd6 23. Ne5 Rdd8 24. c5 Nd5 25. Nc4 Bd7 26. Re1 Rb8 27. Nd6 b5 28. cxb6 Rxb6 29. Rc1 Rfb8 30. Nc4 R6b7 31. Bf1 f6 32. Nd6 Rb6 33. Ne4 Kf7 34. Nc5 Bc8 35. Na4 Ke7 36. Nxb6 Rxb6 37. Bg2 Kd6 38. Rc5 Rb5 39. Bxd5 exd5 40. Rxb5 cxb5 41. Kg2 Bd7 42. b4 h5 43. Re2 Bc6 44. Kf3 Bd7 45. g4 hxg4+ 46. hxg4 Be6 47. g5 Bd7 48. gxf6 gxf6 49. Kg3 Be6 50. Kh4 Kd7 51. Kh5 Bf5 52. Kh6 Be4 53. Kg7 f5 54. Kf6 f4 55. Ke5 f3 56. Rxe4 1-0

[Event "Opatija op 2nd"]
[Site "Opatija"]
[Date "2014.07.05"]
[Round "8"]
[White "Kerschbaumer, Johannes"]
[Black "Padjen, Zdenko"]
[Result "1-0"]
[WhiteElo "2093"]
[BlackElo "2011"]
[PlyCount "55"]
[EventDate "2014.06.29"]
[EventType "swiss"]
[EventRounds "9"]
[EventCountry "CRO"]
[SourceTitle "CBM 161 Extra"]
[Source "ChessBase"]
[SourceDate "2014.08.29"]
[SourceVersion "1"]
[SourceVersionDate "2014.08.29"]
[SourceQuality "1"]

1. Nf3 f5 2. c4 Nf6 3. g3 g6 4. Nc3 c6 5. d4 Bg7 6. Bg2 d6 7. 0-0 0-0 8. d5 e5 9. dxe6 Bxe6 10. Qd3 Kh8 11. b3 Na6 12. Bb2 Nc5 13. Qc2 a5 14. Rad1 Qe7 15. Ng5 Bg8 16. Rd4 Ng4 17. Nf3 Bf7 18. Rd2 Ne4 19. Nxe4 fxe4 20. Bxg7+ Kxg7 21. Qc3+ Kg8 22. Nd4 e3 23. fxe3 Nxe3 24. Rf3 Nxg2 25. Kxg2 Rfe8 26. Nc2 d5 27. Ne3 dxc4 28. Ng4 1-0

[Event "Opatija op 2nd"]
[Site "Opatija"]
[Date "2014.07.02"]
[Round "5"]
[White "Plenca, Jadranko"]
[Black "Kerschbaumer, Johannes"]
[Result "1/2-1/2"]
[WhiteElo "2208"]
[BlackElo "2093"]
[PlyCount "93"]
[EventDate "2014.06.29"]
[EventType "swiss"]
[EventRounds "9"]
[EventCountry "CRO"]
[SourceTitle "CBM 161 Extra"]
[Source "ChessBase"]
[SourceDate "2014.08.29"]
[SourceVersion "1"]
[SourceVersionDate "2014.08.29"]
[SourceQuality "1"]

1. e4 c6 2. d4 d5 3. Nc3 dxe4 4. Nxe4 Bf5 5. Ng3 Bg6 6. Bc4 Nd7 7. N1e2 e6 8. h4 Bd6 9. h5 Bf5 10. Nxf5 Qa5+ 11. Bd2 Qxf5 12. Rh4 Qf6 13. Rg4 g6 14. Nc3 Qe7 15. Bg5 Qf8 16. Qf3 Be7 17. Bxe7 Qxe7 18. hxg6 hxg6 19. 0-0-0 Ngf6 20. Rg3 0-0-0 21. Ne4 Nxe4 22. Qxe4 Rh4 23. Qe3 c5 24. Qa3 Kb8 25. Bb5 Rh5 26. Rgd3 Nb6 27. dxc5 Rxd3 28. Qxd3 Rxc5 29. Qg3+ Qc7 30. Rd8+ Nc8 31. Qxc7+ Kxc7 32. Rd7+ Kb6 33. a4 a6 34. b4 Rf5 35. Bd3 Kc6 36. Rd8 Kc7 37. Rxc8+ Kxc8 38. Bxf5 gxf5 39. Kd2 Kc7 40. Kd3 Kd6 41. g3 e5 42. c4 Kc6 43. a5 Kd6 44. Ke3 Kc6 45. g4 fxg4 46. Ke4 g3 47. fxg3 1/2-1/2

[Event "Opatija op 2nd"]
[Site "Opatija"]
[Date "2014.07.01"]
[Round "3"]
[White "Blazeka, Matej"]
[Black "Kerschbaumer, Johannes"]
[Result "1/2-1/2"]
[WhiteElo "2327"]
[BlackElo "2093"]
[PlyCount "84"]
[EventDate "2014.06.29"]
[EventType "swiss"]
[EventRounds "9"]
[EventCountry "CRO"]
[SourceTitle "CBM 161 Extra"]
[Source "ChessBase"]
[SourceDate "2014.08.29"]
[SourceVersion "1"]
[SourceVersionDate "2014.08.29"]
[SourceQuality "1"]

1. e4 c6 2. d4 d5 3. Nc3 dxe4 4. Nxe4 Bf5 5. Ng3 Bg6 6. Nh3 Nf6 7. Nf4 e6 8. h4 Bd6 9. h5 Bf5 10. Nxf5 Qa5+ 11. Bd2 Qxf5 12. Bd3 Qg5 13. Qf3 Qg4 14. Qe3 Qxf4 15. Qxf4 Bxf4 16. Bxf4 Nbd7 17. a4 Nd5 18. Bd2 a5 19. Rh3 Nb4 20. Bxb4 axb4 21. Be2 0-0-0 22. Rb3 Nf6 23. Rxb4 Nd5 24. Rb3 Nf4 25. Bf3 Rxd4 26. a5 Kc7 27. a6 b6 28. a7 Ra8 29. Ra6 Nd5 30. Bxd5 exd5 31. Rf3 Re4+ 32. Kd2 Re7 33. Rb3 b5 34. Rc3 Re6 35. Rf3 Kb7 36. Raa3 Re7 37. h6 g6 38. Rf6 Rc7 39. Raf3 Rf8 40. Ra3 Ra8 41. Raf3 Rf8 42. Ra3 Ra8 1/2-1/2